Determination of jasmonic acid in bark extracts from Hevea brasiliensis by capillary electrophoresis with laser-induced fluorescence detection (Record no. 56894)

MARC details
000 -LEADER
fixed length control field 00626nam a2200205Ia 4500
100 ## - MAIN ENTRY--AUTHOR NAME
Personal name Zhang Z L
245 #0 - TITLE STATEMENT
Title Determination of jasmonic acid in bark extracts from Hevea brasiliensis by capillary electrophoresis with laser-induced fluorescence detection
260 ## - PUBLICATION, DISTRIBUTION, ETC. (IMPRINT)
Name of publisher Analytical and Bioanalytical Chemistry
Year of publication 2005
300 ## - PHYSICAL DESCRIPTION
Number of Pages 1616-1619
500 ## - GENERAL NOTE
General note Source Year: 2006
650 ## - SUBJECT ADDED ENTRY--TOPICAL TERM
Topical Term Bark extracts
650 ## - SUBJECT ADDED ENTRY--TOPICAL TERM
Topical Term Capillary electrophoresis
650 ## - SUBJECT ADDED ENTRY--TOPICAL TERM
Topical Term Jasmonic acid
700 ## - ADDED ENTRY--PERSONAL NAME
Personal name Li D F
700 ## - ADDED ENTRY--PERSONAL NAME
Personal name Liu X
700 ## - ADDED ENTRY--PERSONAL NAME
Personal name Lu Y T
856 ## - ELECTRONIC LOCATION AND ACCESS
Uniform Resource Identifier CAB CD
942 ## - ADDED ENTRY ELEMENTS (KOHA)
Koha item type Journals
Holdings
Withdrawn status Lost status Damaged status Not for loan Home library Current library Shelving location Date acquired Serial Enumeration / chronology Koha item type
      Journals RRII Library RRII Library Plant physiology 30/06/2006 Volume 382, Issue 7 Journals